000 01055cam a22001934a 4500
005 20250605164235.0
008 250528s ||||||||||||||||||||||||d
035 _a21094
020 _a9780761959755
040 _aGR-AtMCL
_bgre
_dGR-AtMCL
_eAACR2
245 1 _aDoing a Literature Review / Releasing the Social Science Research Imagination
260 _bSage Publications,
_c2008
300 _a230
520 _aA practical and comprehensive guide to researching, preparing and writing a literature review, a major component of research projects. List of Figures and Tables, Preface, Acknowledgements, The Literature Review in Research, Reviewing and the Research Imagination, Classifying and Reading Research, Argumentation Analysis, Organizing and Expressing Ideas, Writing the Review, The Proposal, How to Cite References, Presentation of a Dissertation, Managing Information and Keeping Records, Checklist of Dos and Don'ts for Reviewing, References, Index.
700 1 _aHart Chris
_91817
942 _cBK
999 _c6163
_d6163